Preparation and investigation of thermochromic V-oxide film

Na minha lista:
Detalhes bibliográficos
Autor principal: Šesták, Matej (Author)
Outros Autores: Černičková, Ivona (Thesis advisor)
Formato: Manuscrito Livro
Idioma:eslovaco
inglês
Publicado em: 2025
Assuntos:
Acesso em linha:http://is.stuba.sk/zp/portal_zp.pl?podrobnosti=187156
Tags: Adicionar Tag
Sem tags, seja o primeiro a adicionar uma tag!

MARC

LEADER 00000ntm a22000003a 4500
001 stuzp104884
003 SK-STU
005 20250628212110.9
007 ta
008 150427s2015----xo-----f-mn---000-0-slo-d
040 |a STU  |b slo 
041 0 |a eng 
100 1 |a Šesták, Matej  |u 061000  |4 aut  |U MTF Materiálovotechnologická fakulta  |T MTF Ústav materiálov  |X 122373  |U M1000  |Y 81  |7 122373 
242 0 1 |a Príprava a štúdium termochromického povlaku na báze oxidu vanádu  |y slo 
245 1 0 |a Preparation and investigation of thermochromic V-oxide film 
260 |c 2025 
650 4 |a termochromizmus  |2 slo 
650 4 |a naprašovanie  |2 slo 
650 4 |a inteligentné povlaky  |2 slo 
650 4 |a tenké povlaky  |2 slo 
650 4 |a oxid vanadičitý  |2 slo 
650 4 |a thermochromism  |2 eng 
650 4 |a sputtering  |2 eng 
650 4 |a vanadium dioxide  |2 eng 
650 4 |a smart films  |2 eng 
650 4 |a thin films  |2 eng 
700 1 |a Černičková, Ivona  |u 061000  |k Z1  |4 ths  |U MTF Materiálovotechnologická fakulta  |T MTF Ústav materiálov  |X 66646  |U M1000  |Y 81  |7 A000066646 
856 4 |u http://is.stuba.sk/zp/portal_zp.pl?podrobnosti=187156 
996 |c M* BP-10028  |l MMSKP  |s P  |a 0  |w stuzp104884_0001